000 00766nam a2200265Ia 4500
003 OSt
005 20221005033822.0
006 a|||||r|||| 00| 0
007 ta
008 221004b |||||||| |||| 00| 0 eng d
024 _a24259
037 _cTextual
040 _aCRL
_cCRL
_beng
041 _2eng
_aeng
082 _aT4.281D:(Z), N8.1
110 _aDELHI, UNIVERSITY OF DELHI
_9264607
245 0 _aUniversity of Delhi
_b Calendar. Act, statutes and ordinances. V1
260 _aDelhi
_bDelhi University India
_c1998
300 _a705p.
_ccm.
650 _a EDUCATION
650 _aCOLLEGES AND UNIVERSITIES
700 _aDELHI, UNIVERSITY OF DELHI
_9264608
942 _hT4.281D:(Z), N8.1
_cTEXL
_2cc
999 _c942139
_d942139